Použitie oceňovacích modelov pre vybrané účtovné problémy podľa IFRS diplomová práca

Enregistré dans:
Détails bibliographiques
Auteur principal: Močarník, Tomáš
Collectivité auteur: Fakulta hospodárskej informatiky EU. Katedra účtovníctva a audítorstva
Autres auteurs: Mokošová, Daša, 1979-
Format: Livre
Langue:slovaque
Publié: Bratislava 2011
Tags: Ajouter un tag
Pas de tags, Soyez le premier à ajouter un tag!

MARC

LEADER 00000nbm a2200000 4500
001 0132152
005 20161109101752.7
041 0 |a slo 
044 |a SK 
245 1 0 |a Použitie oceňovacích modelov pre vybrané účtovné problémy podľa IFRS  |b diplomová práca  |c Tomáš Močarník ; školiteľ: Daša Mokošová 
264 1 |a Bratislava  |c 2011 
300 |a 52 s. 
100 1 |a Močarník, Tomáš 
700 1 |a Mokošová, Daša, 1979- 
710 2 |a Fakulta hospodárskej informatiky EU. Katedra účtovníctva a audítorstva